[Event "ROM-ch U14"]
[Site "Calimanesti Caciulata"]
[Date "2019.04.20"]
[Round "7"]
[White "Kumar, Ambar David"]
[Black "Dumitra, Valentin Adrian"]
[Result "1-0"]
[WhiteElo "1267"]
[BlackElo "1058"]
[PlyCount "59"]
[EventDate "2019.04.15"]
[EventType "swiss"]
[EventRounds "9"]
[EventCountry "ROU"]
[SourceTitle "CBM 190 Extra"]
[Source "ChessBase"]
[SourceDate "2019.07.15"]
[SourceVersion "1"]
[SourceVersionDate "2019.07.15"]
[SourceQuality "1"]

1. e4 c5 2. Bc4 Nc6 3. Nf3 e5 4. d3 Nf6 5. Nc3 Be7 6. Bg5 0-0 7. Bxf6 Bxf6 8. Nd5 d6 9. c3 a6 10. Qe2 Re8 11. Nd2 Be6 12. Qf3 Bxd5 13. Bxd5 Ne7 14. Bxb7 Rb8 15. Bxa6 Rxb2 16. Nb3 d5 17. Qd1 Qb6 18. Qc1 Qxa6 19. Qxb2 Qxd3 20. Nxc5 Qc4 21. Qb4 Qxb4 22. cxb4 dxe4 23. Nxe4 Nd5 24. Nxf6+ Nxf6 25. 0-0 Nd5 26. b5 Rb8 27. Rfc1 Nb4 28. Rab1 Nxa2 29. Rc2 Ra8 30. Ra1 1-0

[Event "ROM-ch U14"]
[Site "Calimanesti Caciulata"]
[Date "2019.04.19"]
[Round "6"]
[White "Dumitra, Valentin Adrian"]
[Black "Musat, Tudor Mihai"]
[Result "1-0"]
[WhiteElo "1058"]
[BlackElo "1063"]
[PlyCount "67"]
[EventDate "2019.04.15"]
[EventType "swiss"]
[EventRounds "9"]
[EventCountry "ROU"]
[SourceTitle "CBM 190 Extra"]
[Source "ChessBase"]
[SourceDate "2019.07.15"]
[SourceVersion "1"]
[SourceVersionDate "2019.07.15"]
[SourceQuality "1"]

1. e4 c5 2. Nf3 e6 3. Bc4 Nf6 4. c3 Nxe4 5. 0-0 Be7 6. d3 Nf6 7. Re1 0-0 8. d4 d5 9. Bb3 c4 10. Ba4 Nc6 11. Bf4 Bd7 12. Nbd2 a6 13. Bc2 b5 14. Ne5 Be8 15. a4 h6 16. Ndf3 Nxe5 17. Bxe5 Bc6 18. Nd2 Qd7 19. Re3 Qe8 20. b3 cxb3 21. Bxb3 bxa4 22. Bxa4 Bxa4 23. Rxa4 Nh7 24. Rg3 Bg5 25. Bd6 Be7 26. Qg4 Ng5 27. Bxe7 Qxa4 28. Bxg5 Qa1+ 29. Nf1 hxg5 30. Qxg5 g6 31. Qf6 Qd1 32. f3 Rfe8 33. Rh3 Kf8 34. Rh8# 1-0

[Event "ROM-ch U14"]
[Site "Calimanesti Caciulata"]
[Date "2019.04.15"]
[Round "1"]
[White "Pragai, Rares Alexandru"]
[Black "Dumitra, Valentin Adrian"]
[Result "1-0"]
[WhiteElo "1604"]
[BlackElo "1058"]
[PlyCount "63"]
[EventDate "2019.04.15"]
[EventType "swiss"]
[EventRounds "9"]
[EventCountry "ROU"]
[SourceTitle "CBM 190 Extra"]
[Source "ChessBase"]
[SourceDate "2019.07.15"]
[SourceVersion "1"]
[SourceVersionDate "2019.07.15"]
[SourceQuality "1"]

1. d4 d5 2. c4 c6 3. Nc3 Nf6 4. Bg5 Bf5 5. Bxf6 gxf6 6. cxd5 cxd5 7. Qb3 Nc6 8. e3 b6 9. Qxd5 Qxd5 10. Nxd5 Rc8 11. Rc1 Be4 12. Nc3 Nb4 13. Kd2 Bb7 14. a3 Nd5 15. Nxd5 Rxc1 16. Nxf6+ exf6 17. Kxc1 Rg8 18. f3 Bh6 19. Kd2 Kd8 20. Nh3 Bc8 21. g3 Re8 22. f4 Bg4 23. Bg2 Be6 24. Nf2 Kc7 25. Rc1+ Kb8 26. d5 Rd8 27. e4 f5 28. Ke3 Bc8 29. e5 Bf8 30. d6 Bb7 31. Bxb7 Kxb7 32. Rc7+ 1-0

[Event "ROM-ch U14"]
[Site "Calimanesti"]
[Date "2018.04.02"]
[Round "8"]
[White "Dumitra, Valentin Adrian"]
[Black "Ungureanu, Stefanis Nicolae"]
[Result "0-1"]
[WhiteElo "1001"]
[BlackElo "1202"]
[PlyCount "54"]
[EventDate "2018.03.27"]
[EventType "swiss"]
[EventRounds "9"]
[EventCountry "ROU"]
[SourceTitle "CBM 183 Extra"]
[Source "ChessBase"]
[SourceDate "2018.04.19"]
[SourceVersion "1"]
[SourceVersionDate "2018.04.19"]
[SourceQuality "1"]

1. e4 c5 2. Bc4 Nc6 3. Nc3 g6 4. Qf3 Nf6 5. d3 Bg7 6. Bf4 d6 7. h3 Nd4 8. Qd1 e5 9. Bg5 0-0 10. Nf3 Qd7 11. Qd2 a6 12. a4 Qe8 13. Bh6 Bxh6 14. Qxh6 Nxc2+ 15. Kd2 Nxa1 16. Rxa1 Be6 17. Bd5 Qd7 18. Ng5 Rfd8 19. Bxe6 fxe6 20. Ra3 b5 21. a5 b4 22. Rb3 bxc3+ 23. Rxc3 Rab8 24. Kc2 Qa4+ 25. Kb1 Qd1+ 26. Rc1 Rxb2+ 27. Ka1 Qxc1# 0-1

[Event "ROM-ch U14"]
[Site "Calimanesti"]
[Date "2018.04.01"]
[Round "7"]
[White "Mechenici, Alin Stefanita"]
[Black "Dumitra, Valentin Adrian"]
[Result "1-0"]
[WhiteElo "1001"]
[BlackElo "1001"]
[PlyCount "51"]
[EventDate "2018.03.27"]
[EventType "swiss"]
[EventRounds "9"]
[EventCountry "ROU"]
[SourceTitle "CBM 183 Extra"]
[Source "ChessBase"]
[SourceDate "2018.04.19"]
[SourceVersion "1"]
[SourceVersionDate "2018.04.19"]
[SourceQuality "1"]

1. e4 e5 2. Nf3 Nc6 3. d4 d6 4. d5 Nce7 5. Bb5+ Bd7 6. Bd3 g6 7. Ng5 Nh6 8. Qf3 Bg7 9. 0-0 0-0 10. Qe2 Bf6 11. Nf3 Bg7 12. Be3 c6 13. Qd2 cxd5 14. exd5 Rc8 15. Bxh6 Bxh6 16. Qxh6 Nxd5 17. Ng5 Nf6 18. Nd2 d5 19. Bc4 Bf5 20. Be2 Rxc2 21. Rad1 Qe7 22. g4 Be4 23. f3 Qc5+ 24. Kh1 Bxf3+ 25. Rxf3 Re8 26. Rxf6 1-0

[Event "ROM-ch U14"]
[Site "Calimanesti"]
[Date "2018.03.28"]
[Round "2"]
[White "Stoian, Stefan Alexandru"]
[Black "Dumitra, Valentin Adrian"]
[Result "1-0"]
[WhiteElo "1246"]
[BlackElo "1001"]
[PlyCount "71"]
[EventDate "2018.03.27"]
[EventType "swiss"]
[EventRounds "9"]
[EventCountry "ROU"]
[SourceTitle "CBM 183 Extra"]
[Source "ChessBase"]
[SourceDate "2018.04.19"]
[SourceVersion "1"]
[SourceVersionDate "2018.04.19"]
[SourceQuality "1"]

1. e4 e5 2. Nf3 Nc6 3. Bb5 Nge7 4. 0-0 g6 5. Nc3 Nd4 6. Nxd4 exd4 7. Ne2 Bg7 8. Ng3 0-0 9. c3 c6 10. Bc4 d5 11. exd5 cxd5 12. Bb3 dxc3 13. dxc3 b6 14. Re1 Bb7 15. Bg5 f6 16. Qe2 Re8 17. Qe6+ Kf8 18. Bxf6 Bxf6 19. Qxf6+ Kg8 20. c4 Rc8 21. cxd5 Nxd5 22. Rxe8+ Qxe8 23. Qd4 Rd8 24. Rd1 Qc6 25. Ne2 Kf8 26. Nc3 Nc7 27. Qxd8+ Ne8 28. f3 Qc5+ 29. Qd4 Qg5 30. Qb4+ Kg7 31. Rd7+ Kh6 32. Rxb7 Qe3+ 33. Kf1 Qc1+ 34. Ke2 Qxb2+ 35. Kd3 a5 36. Qh4# 1-0